LEADER 03493nam 2200565 450 001 9910267952703321 005 20221108033325.0 010 $a1-299-27742-X 010 $a0-470-39457-9 010 $a1-84704-576-6 010 $a0-470-61244-4 010 $a1-118-61399-6 035 $a(CKB)3230000000207207 035 $a(StDuBDS)AH25036394 035 $a(MiAaPQ)EBC700736 035 $a(MiAaPQ)EBC5205682 035 $a(MiAaPQ)EBC261985 035 $a(Au-PeEL)EBL261985 035 $a(OCoLC)829706610 035 $a(PPN)183435141 035 $a(EXLCZ)993230000000207207 100 $a20180130h20062005 uy 0 101 0 $aeng 135 $aur||||||||||| 181 $2rdacontent 182 $2rdamedia 183 $2rdacarrier 200 10$aMusic and acoustics $efrom instrument to computer /$fPhilippe Guillaume 210 1$aNewport Beach, California :$cISTE,$d2006. 210 4$d©2005 215 $a1 online resource (199 p. ) $cill 225 0 $aSociete Francaise d'Acoustique 311 $a1-905209-26-6 320 $aIncludes bibliographical references and index. 327 $aSounds -- Music Instruments -- Scales and Temperaments -- Psychoacoustics -- Digital sound -- Synthesis and Sound Effects. 330 $aPresents an overview on the nature of musical sounds, from their production by acoustic music instruments to synthesized sounds obtained with computers. This book covers topics, including sound propagation, Fourier and time-frequency analysis, psychoacoustics, analog and digital signal processing theory, computer science and MP3 sound compression. 330 $bHow can a piano tuner obtain such high precision with no other measuring device than their own ears? How can a sequence of notes seem to rise continuously despite coming back periodically to the same notes? What are the possibilities and the limits of digital sound? These are a few examples of questions that are discussed in this book, which presents an overview on the nature of musical sounds, from their production by acoustic music instruments to synthesized sounds obtained with computers. The topics that are treated include sound propagation, Fourier and time-frequency analysis, psychoacoustics, analog and digital signal processing theory, computer science and MP3 sound compression, and of course... music! How can a piano tuner obtain such high precision with no other measuring device than their own ears? How can a sequence of notes seem to rise continuously despite coming back periodically to the same notes? What are the possibilities and the limits of digital sound? These are a few examples of questions that are discussed in this book, which presents an overview on the nature of musical sounds, from their production by acoustic music instruments to synthesized sounds obtained with computers. The topics that are treated include sound propagation, Fourier and time-frequency analysis, psychoacoustics, analog and digital signal processing theory, computer science and MP3 sound compression, and of course... music! 606 $aMusic$xAcoustics and physics 606 $aComputer sound processing 615 0$aMusic$xAcoustics and physics. 615 0$aComputer sound processing. 676 $a781.23 700 $aGuillaume$b Philippe$f1955-$0993656 801 0$bMiAaPQ 801 1$bMiAaPQ 801 2$bMiAaPQ 906 $aBOOK 912 $a9910267952703321 996 $aMusic and acoustics$92275275 997 $aUNINA LEADER 04082nam 22006135 450 001 9910492143803321 005 20251113180440.0 010 $a3-030-70478-5 024 7 $a10.1007/978-3-030-70478-0 035 $a(CKB)4100000011982131 035 $a(MiAaPQ)EBC6678857 035 $a(Au-PeEL)EBL6678857 035 $a(PPN)258058900 035 $a(OCoLC)1260291989 035 $a(DE-He213)978-3-030-70478-0 035 $a(EXLCZ)994100000011982131 100 $a20210713d2021 u| 0 101 0 $aeng 135 $aurcnu|||||||| 181 $ctxt$2rdacontent 182 $cc$2rdamedia 183 $acr$2rdacarrier 200 10$aInternet of Things $eCases and Studies /$fedited by Fausto Pedro García Márquez, Benjamin Lev 205 $a1st ed. 2021. 210 1$aCham :$cSpringer International Publishing :$cImprint: Springer,$d2021. 215 $a1 online resource (312 pages) 225 1 $aInternational Series in Operations Research & Management Science,$x2214-7934 ;$v305 311 08$a3-030-70477-7 320 $aIncludes bibliographical references and index. 327 $aIntroduction to Internet of Things: Cases and Studies -- Chapter 1: Blockchain as a complementary technology for the Internet of Things: A survey -- Chapter 2: Enablers and inhibitors for IoT implementation -- Chapter 3: The combination of AI, Blockchain and the internet of things for patient relationship management -- Chapter 4: Bibliomeric characteristics of highly cited papers on Internet of Things assessed with Essential Science Indicators -- Chapter 5: A Macroeconomic Aspect of IoT services: Their Marginal Costs -- Chapter 6: Biclustering Analysis of Countries using COVID-19 Epidemiological Data -- Chapter 7: IoT Applications in Health Care -- Chapter 8: An interactive visiting system using BLE devices -- Chapter 9: Systematic Market and Asset Liquidity Risk Processes for Machine Learning: Robust Modeling Algorithms for Multiple-Assets Portfolios -- Chapter 10: Context Modelling in Ambient Assisted Living: Trends and Lessons -- Chapter 11: Design of Algorithm for IoT Based Application: CaseStudy on Intelligent Transport Systems -- Chapter 12: Examining Spatial Movement Patterns of Travelers: Cases in Tourist Destinations -- Chapter 13: Use of UAVs, computer vision and IoT for traffic analysis. 330 $aThis book provides relevant theoretical frameworks and the latest empirical research findings of Operations Research/Management Science applied to Internet of Things. This book identifies and describes ways in which OR and MS have been applied and influenced the development of IoT. Examples are from smart industry; city; transportation; home and smart devices. It discusses future applications, trends, and potential benefits of this new discipline. It is written for professionals who want to improve their understanding of the strategic role of IoT at various levels of the organization, that is, IoT at the global economy level, at networks and organizations level, at teams and work groups, at information systems and, finally, IoT at the level of individuals, as players in the networked environments. . 410 0$aInternational Series in Operations Research & Management Science,$x2214-7934 ;$v305 606 $aOperations research 606 $aManagement science 606 $aBusiness information services 606 $aOperations Research and Decision Theory 606 $aOperations Research, Management Science 606 $aBusiness Information Systems 615 0$aOperations research. 615 0$aManagement science. 615 0$aBusiness information services. 615 14$aOperations Research and Decision Theory. 615 24$aOperations Research, Management Science. 615 24$aBusiness Information Systems. 676 $a004.678 702 $aGarci?a Ma?rquez$b Fausto Pedro 702 $aLev$b Benjamin 801 0$bMiAaPQ 801 1$bMiAaPQ 801 2$bMiAaPQ 906 $aBOOK 912 $a9910492143803321 996 $aInternet of things$9226025 997 $aUNINA